000 00679nam a2200265Ia 4500
003 OSt
005 20220912152248.0
006 a|||||r|||| 00| 0
007 ta
008 220909b |||||||| |||| 00| 0 eng d
024 _a55585
037 _cTextual
040 _aCSL
_beng
_cCSL
041 _aeng
082 _aL:4:4798:E, K3
100 _aEvans W E D
245 0 _aChemistry of death
260 _c1963
300 _ap.
_ccm.
490 _aAmerican Lecture Series: A Monograph In American Lectures in Living Chemistry
650 _a Disease
650 _aMedicine
942 _hL:4:4798:E, K3
_cTEXL
_2CC
999 _c83118
_d83118